00327 a2200121 450000100060000004000260000610000250003224000570005724500520011430000070016636200090017365000230018250108 cAnchieta - Bela Vista aAnchietinha Itaigara10aAs histórias nos levam a sonhar pelo céu...lpor10aAs histórias nos levam a sonhar pelo céu... a400 a2009 4aLiteratura juvenil